[Event "OGOLNOPOLSKA OLIMPIADA MLODZIEZY<br/>MISTRZOSTWA POLSKI JUNIOROW 2016 - C12"]
[Site "Olecko"]
[Date "2016-05-07"]
[Round "7.6"]
[White "Koziorowicz, Michal"]
[Black "Redzisz, Michal"]
[Result "1/2-1/2"]
[WhiteTitle "I"]
[BlackTitle "II"]
[WhiteElo "1690"]
[BlackElo "1750"]

1. e4 c5 2. Nf3 e6 3. d3 Nc6 4. g3 g6 5. Bg2 Bg7 6. O-O Nge7 7. Nbd2 O-O 8. Re1
d5 9. e5 Qc7 10. Qe2 b6 11. Nf1 a5 12. h4 Ba6 13. N1h2 Nf5 14. c3 b5 15. Ng4 Rac8
16. Nf6+ Kh8 17. g4 Nfe7 18. Bf4 Ng8 19. Qd2 Qd8 20. g5 h5 21. gxh6 Bxf6 22. exf6
Qxf6 23. Ne5 Qd8 24. Bg5 Qc7 25. Nxc6 Qxc6 26. Bh3 Rce8 27. d4 c4 28. Qc2 Kh7
29. Qd2 Bc8 30. h5 e5 31. hxg6+ fxg6 32. Bg2 e4 33. Re3 Rf5 34. Rg3 Ref8 35. Rf1
Qc7 36. Qe3 R5f7 37. Qe1 Ne7 38. Bxe7 Qxe7 39. Qe3 Qh4 40. Qg5 Qxg5 41. Rxg5 Rf5
42. Rxf5 Rxf5 43. b3 Kxh6 44. bxc4 bxc4 45. Rb1 Bd7 46. Rb7 Bc6 47. Ra7 a4 48.
Ra6 Bd7 49. Ra7 Rf7 50. a3 Kg7 51. Ra5 Bc6 52. Rc5 Rf6 53. Bh3 Kf7 54. Bg4 Ke7
55. Bd1 Kd6 56. Ra5 Kc7 57. Bxa4 Kb6 58. Bxc6 Kxa5 59. Bxd5 Rf3 60. Bxc4 Rxc3
61. Bd5 e3 62. fxe3 Rxe3 63. Kf2 Rxa3 64. Be4 g5 65. d5 Kb6 66. d6 Rc3 67. d7
Kc7 68. Bf5 Kd8 69. Kg2 Ke7 70. Bg4 Rd3 71. Kf2 Kf6 72. Ke2 Rd6 73. Ke3 Ke5 74.
Bh3 Rd4 75. Bg4 Rd6 76. Bh3 Kf6 77. Ke4 Kg6 78. Bg4 Kf6 79. Bh3 Rd2 80. Bg4 Rd6
81. Bh3 Rd1 82. Bg4 Re1+ 1/2-1/2

[Event "OGOLNOPOLSKA OLIMPIADA MLODZIEZY<br/>MISTRZOSTWA POLSKI JUNIOROW 2016 - C12"]
[Site "Olecko"]
[Date "2016-05-07"]
[Round "7.7"]
[White "Bachor, Tomasz"]
[Black "Babiarz, Arkadiusz"]
[Result "0-1"]
[WhiteTitle "II+"]
[BlackTitle "I"]
[WhiteElo "1742"]
[BlackElo "1656"]

1. e4 c5 2. Nf3 e6 3. d4 cxd4 4. Nxd4 a6 5. Bd3 Nf6 6. O-O e5 7. Nb3 d6 8. c4 Be7
9. Nc3 Be6 10. Nd5 Nbd7 11. Be3 Ng4 12. Bd2 O-O 13. f3 Bxd5 14. exd5 Qb6+ 15.
Kh1 Nf2+ 16. Rxf2 Qxf2 17. Qc2 Qh4 18. Be3 g6 19. Na5 Rab8 20. b4 Bg5 21. Bf2
Qh6 22. c5 dxc5 23. bxc5 Be3 24. c6 bxc6 25. dxc6 Nc5 26. Bf1 Rbd8 27. Bxe3 Qxe3
28. Rc1 Nd3 29. Bxd3 Qxd3 30. Qxd3 Rxd3 31. h3 Rc8 32. Rc5 f6 33. a4 Kf7 34. Nb7
Ke7 35. Kh2 Rb3 36. a5 Rb5 37. Rc3 Ke6 38. Rd3 Rd5 39. Rc3 Rd4 40. Rc5 Rd6 41.
Nxd6 Kxd6 42. Rc3 Rxc6 43. Rb3 Kc7 44. g4 f5 45. gxf5 gxf5 46. Kg3 Rc5 47. Ra3
Kc6 48. Kh4 Kb5 49. Kg5 Kb4 50. Ra1 Rxa5 51. Rb1+ Kc3 52. Kxf5 Rb5 53. Rd1 a5
54. Rd7 h5 55. h4 a4 56. Ra7 Kb3 57. Kg6 a3 58. Kxh5 e4+ 59. Kg6 Rb6+ 60. Kg7
exf3 61. Rf7 a2 62. Rxf3+ Ka4 63. Rf1 Rb1 64. Rf4+ Rb4 65. Rf1 Rxh4 66. Kf6 Rb4
67. Ra1 Ka3 68. Rh1 Rb1 0-1

[Event "OGOLNOPOLSKA OLIMPIADA MLODZIEZY<br/>MISTRZOSTWA POLSKI JUNIOROW 2016 - C12"]
[Site "Olecko"]
[Date "2016-05-07"]
[Round "7.8"]
[White "Panek, Bartosz"]
[Black "Turski, Bartlomiej"]
[Result "0-1"]
[WhiteTitle "II"]
[BlackTitle "I"]
[WhiteElo "1473"]
[BlackElo "1704"]

1. e4 c5 2. c3 Nf6 3. e5 Nd5 4. d4 cxd4 5. cxd4 d6 6. f4 Nc6 7. Nc3 dxe5 8. fxe5
Bf5 9. Nf3 e6 10. Be2 Ndb4 11. Bg5 f6 12. exf6 gxf6 13. Bh4 Nc2+ 14. Kf2 Nxa1
15. Qxa1 Be7 16. Qc1 Bg6 17. Bc4 Nxd4 18. Rd1 e5 19. Bb5+ Kf7 20. Bc4+ Kg7 21.
Nxd4 Bc5 22. Nd5 Rf8 23. Kf1 Bxd4 24. Re1 Rc8 25. b3 b5 26. g4 bxc4 27. bxc4 Bd3+
28. Kg2 Rxc4 0-1

[Event "OGOLNOPOLSKA OLIMPIADA MLODZIEZY<br/>MISTRZOSTWA POLSKI JUNIOROW 2016 - C12"]
[Site "Olecko"]
[Date "2016-05-07"]
[Round "7.9"]
[White "Kabacinski, Krzysztof"]
[Black "Poltorak, Sebastian"]
[Result "0-1"]
[WhiteTitle "II"]
[BlackTitle "II+"]
[WhiteElo "1636"]
[BlackElo "1623"]

1. e4 c6 2. d4 d5 3. Nc3 dxe4 4. Nxe4 Bf5 5. Ng3 Bg6 6. Nf3 Nd7 7. h4 h6 8. h5
Bh7 9. Bd3 Bxd3 10. Qxd3 e6 11. Bd2 Qc7 12. O-O-O Ngf6 13. Qe2 O-O-O 14. Ne5 Nb6
15. Ba5 c5 16. Bxb6 axb6 17. Qc4 Bd6 18. Rhe1 Bxe5 19. dxe5 Rxd1+ 20. Kxd1 Rd8+
21. Kc1 Qd7 22. Qe2 Ne8 23. Rd1 Qe7 24. Rxd8+ Qxd8 25. Qd2 Qh4 26. Qe3 Nc7 27.
Qf3 Qg5+ 28. Qe3 Qxe3+ 29. fxe3 Nd5 30. Kd2 Nb4 31. Ne4 Kd7 32. Nd6 Nc6 33. Nxf7
Ke7 34. Nh8 Nxe5 35. b3 Kf6 36. Ng6 Nxg6 37. hxg6 Kxg6 38. Kd3 Kf5 39. a4 g5 40.
Kc4 h5 41. Kb5 h4 42. Kxb6 g4 43. a5 h3 44. Kxb7 hxg2 45. a6 g1=Q 46. e4+ Kxe4
47. a7 Qa1 48. c3 g3 0-1

[Event "OGOLNOPOLSKA OLIMPIADA MLODZIEZY<br/>MISTRZOSTWA POLSKI JUNIOROW 2016 - C12"]
[Site "Olecko"]
[Date "2016-05-07"]
[Round "7.10"]
[White "Baum, Jonasz"]
[Black "Fiedorek, Michal"]
[Result "1-0"]
[WhiteTitle "I"]
[BlackTitle "I"]
[WhiteElo "1857"]
[BlackElo "1783"]

1. e4 c5 2. Nf3 e6 3. d4 cxd4 4. Nxd4 Bc5 5. Nb3 Bb6 6. Bd3 Ne7 7. O-O O-O 8. Nc3
f5 9. Qh5 Nbc6 10. Bg5 Qc7 11. Na4 d5 12. Nxb6 axb6 13. exd5 Nxd5 14. Rfd1 h6
15. Bd2 Ne5 16. Qh3 Ng4 17. Qg3 e5 18. h3 Ngf6 19. c4 f4 20. Qf3 Ne7 21. Bb4 Rd8
22. c5 Ned5 23. cxb6 Qxb6 24. Bc5 Qc7 25. Rac1 b6 26. Ba3 Qf7 27. Nd2 Bb7 28.
Ne4 Ne8 29. Bc4 Rac8 30. Bb3 Rxc1 31. Rxc1 Bc8 32. Rxc8 Rxc8 33. Nc3 e4 34. Qxe4
Nef6 35. Bxd5 Nxe4 36. Bxf7+ Kxf7 37. Nxe4 Rc1+ 38. Kh2 Rc2 39. g4 Re2 40. Nd6+
Kf6 41. Kg2 Re1 42. Nc4 b5 43. Nd6 Re5 44. Kf3 g5 45. b3 Kg6 46. Bb4 h5 47. a4
bxa4 48. bxa4 Re7 49. a5 h4 50. Bc5 Rc7 51. Ne4 Rc8 52. a6 Ra8 53. a7 Kh6 54.
Nd6 Kg6 55. Nb5 Kh6 56. Nc7 1-0

[Event "OGOLNOPOLSKA OLIMPIADA MLODZIEZY<br/>MISTRZOSTWA POLSKI JUNIOROW 2016 - C12"]
[Site "Olecko"]
[Date "2016-05-07"]
[Round "7.11"]
[White "Stolarski, Adam"]
[Black "Lichorad, Mateusz"]
[Result "0-1"]
[WhiteTitle "I"]
[BlackTitle "II"]
[WhiteElo "1733"]
[BlackElo "1644"]

1. e4 e6 2. Nf3 d5 3. Nc3 Nf6 4. e5 Nfd7 5. d4 c5 6. dxc5 Bxc5 7. Bd3 Nc6 8. Bf4
h6 9. Qe2 a6 10. O-O Be7 11. Rad1 O-O 12. Rfe1 b5 13. Qd2 f5 14. exf6 Nxf6 15.
Bg6 Ra7 16. Ne5 Nxe5 17. Bxe5 Ra8 18. Qd4 Bd7 19. Re3 Rc8 20. Rg3 Bc5 21. Qd2
Qb6 22. Rf1 b4 23. Bxf6 Rxf6 24. Nd1 Rcf8 25. Bd3 Bd6 26. Rg6 Rxg6 27. Bxg6 Bf4
28. Qe2 e5 29. Qh5 Rf6 30. Bd3 g6 31. Qh4 e4 32. Be2 h5 33. g3 g5 34. Qxh5 Rh6
0-1

[Event "OGOLNOPOLSKA OLIMPIADA MLODZIEZY<br/>MISTRZOSTWA POLSKI JUNIOROW 2016 - C12"]
[Site "Olecko"]
[Date "2016-05-07"]
[Round "7.12"]
[White "Norek, Bartosz"]
[Black "Gorkiewicz, Mateusz"]
[Result "1-0"]
[WhiteTitle "II+"]
[BlackTitle "II"]
[WhiteElo "1687"]
[BlackElo "1721"]

1. e4 e5 2. Nf3 Nc6 3. Nc3 Nf6 4. a3 d5 5. Bb5 Bg4 6. exd5 Nxd5 7. h3 Nxc3 8. bxc3
Bxf3 9. Qxf3 Qd6 10. O-O Be7 11. a4 Qf6 12. Qe2 a6 13. Bxc6+ Qxc6 14. Qxe5 f6
15. Qe3 Qd7 16. Ba3 Rf8 17. Rfe1 Rf7 18. Qe4 c6 19. Qxh7 g5 20. Qg8+ Rf8 21. Qg6+
Kd8 22. Bxe7+ Kc7 23. Bxf8 Rxf8 24. Qe4 f5 25. Qe7 1-0

[Event "OGOLNOPOLSKA OLIMPIADA MLODZIEZY<br/>MISTRZOSTWA POLSKI JUNIOROW 2016 - C12"]
[Site "Olecko"]
[Date "2016-05-07"]
[Round "7.13"]
[White "Wolaniecki, Patryk"]
[Black "Trybus, Daniel"]
[Result "1-0"]
[WhiteTitle "I"]
[BlackTitle "II+"]
[WhiteElo "1585"]
[BlackElo "1711"]

1. e4 e5 2. Nf3 Nc6 3. d4 exd4 4. Nxd4 Qf6 5. Nb3 Nge7 6. Nc3 Ng6 7. Nd5 Qe5 8.
Bd3 Nb4 9. O-O c6 10. Nxb4 Bxb4 11. c3 Be7 12. Be3 Bg5 13. Bd4 Qe7 14. e5 b6 15.
Bxg6 hxg6 16. f4 Bh6 17. Qf3 Bb7 18. c4 Ba6 19. Nd2 g5 20. e6 O-O-O 21. exd7+
Qxd7 22. Bc3 gxf4 23. b4 Bb7 24. c5 Rhe8 25. Nc4 Kc7 26. Rad1 Qe6 27. Be5+ Kc8
28. Nd6+ Rxd6 29. Bxd6 Qe3+ 30. Qf2 f3 31. Rfe1 Ba6 32. gxf3 Be2 33. f4 Qh3 34.
Rxe2 Qg4+ 35. Kf1 Qh3+ 36. Qg2 Qd7 37. Rxe8+ Qxe8 38. b5 g6 39. Qxc6+ Qxc6 40.
bxc6 b5 41. Re1 Kd8 42. c7+ Kd7 43. Re7+ Kc8 44. Re8+ Kd7 45. c8=Q# 1-0

[Event "OGOLNOPOLSKA OLIMPIADA MLODZIEZY<br/>MISTRZOSTWA POLSKI JUNIOROW 2016 - C12"]
[Site "Olecko"]
[Date "2016-05-07"]
[Round "7.14"]
[White "Ochedzan, Tymon"]
[Black "Jaszczuk, Hubert"]
[Result "0-1"]
[WhiteTitle "II+"]
[BlackTitle "II+"]
[WhiteElo "1664"]
[BlackElo "1545"]

1. e4 Nf6 2. e5 Nd5 3. Nc3 Nxc3 4. dxc3 d6 5. Bf4 Nc6 6. Bb5 e6 7. Nf3 d5 8. O-O
Bd7 9. Bd3 Be7 10. Nd2 Bg5 11. Qg4 Bxf4 12. Qxf4 f6 13. Qg4 Qe7 14. Qh5+ Qf7 15.
Qxf7+ Kxf7 16. f4 f5 17. b4 Ne7 18. Nb3 b6 19. Rad1 Rhg8 20. g3 h6 21. c4 g5 22.
Kf2 gxf4 23. gxf4 Rg4 24. Ke3 Rag8 25. Rd2 Bc6 26. c5 Ba4 27. Rf3 Bxb3 28. axb3
Rg2 29. Rxg2 Rxg2 30. Rh3 Kg6 31. Rg3+ Rxg3+ 32. hxg3 Nc6 33. c3 Ne7 34. cxb6
axb6 35. g4 c6 36. Kd4 0-1

[Event "OGOLNOPOLSKA OLIMPIADA MLODZIEZY<br/>MISTRZOSTWA POLSKI JUNIOROW 2016 - C12"]
[Site "Olecko"]
[Date "2016-05-07"]
[Round "7.15"]
[White "Skurniak, Szymon"]
[Black "Bien, Hubert"]
[Result "1-0"]
[WhiteTitle "I"]
[BlackTitle "II"]
[WhiteElo "1694"]
[BlackElo "1402"]

1. e4 e6 2. d4 d5 3. Nc3 Nf6 4. e5 Nfd7 5. f4 c5 6. Nf3 Nc6 7. Be3 Qb6 8. Na4 Qa5+
9. c3 cxd4 10. b4 Qd8 11. Nxd4 Be7 12. Bd3 a6 13. O-O Nxd4 14. Bxd4 b5 15. Nb2
Bb7 16. f5 exf5 17. e6 Nf6 18. exf7+ Kxf7 19. Bxf5 Bc8 20. Bd3 h5 21. h3 Qc7 22.
Qf3 Be6 23. Rae1 Qd7 24. Re5 Kg8 25. Rfe1 Kf7 26. Rxe6 Rae8 27. Qf5 Rh6 28. Rxf6+
1-0

[Event "OGOLNOPOLSKA OLIMPIADA MLODZIEZY<br/>MISTRZOSTWA POLSKI JUNIOROW 2016 - C12"]
[Site "Olecko"]
[Date "2016-05-07"]
[Round "7.16"]
[White "Swiech, Lukasz"]
[Black "Kacprzak, Karol"]
[Result "0-1"]
[WhiteTitle "II"]
[BlackTitle "I"]
[WhiteElo "1295"]
[BlackElo "1556"]

1. e4 c5 2. Nf3 d6 3. d4 cxd4 4. Nxd4 Nf6 5. Nc3 a6 6. Be3 e6 7. f3 Be7 8. Qd2
b5 9. a3 Bb7 10. g4 Qc7 11. g5 Nfd7 12. h4 Nb6 13. O-O-O N8d7 14. Nb3 Ne5 15.
Qf2 Nbc4 16. Bd4 O-O 17. Nd2 Nxd2 18. Rxd2 Nc4 19. Bxc4 bxc4 20. Rg1 e5 21. Be3
Bc6 22. Nd5 Bxd5 23. exd5 c3 24. bxc3 Qxc3 25. Rd3 Qa5 26. Bd2 Qc7 27. Kd1 Rab8
28. Rc3 Qb7 29. h5 Qxd5 30. Ke2 Rfc8 31. Rxc8+ Rxc8 32. Rc1 Qc4+ 33. Kd1 d5 34.
c3 Bxa3 35. Rc2 d4 0-1

[Event "OGOLNOPOLSKA OLIMPIADA MLODZIEZY<br/>MISTRZOSTWA POLSKI JUNIOROW 2016 - C12"]
[Site "Olecko"]
[Date "2016-05-07"]
[Round "7.17"]
[White "Bukala, Norbert"]
[Black "Dolata, Marcin"]
[Result "0-1"]
[WhiteTitle "II"]
[BlackTitle "II"]
[WhiteElo "1415"]
[BlackElo "1345"]

1. d4 Nf6 2. c4 e6 3. Nc3 Bb4 4. Bg5 O-O 5. f3 Be7 6. e3 d5 7. c5 Nc6 8. f4 h6
9. Bxf6 Bxf6 10. Nf3 Be7 11. Qb3 b6 12. Bb5 Bd7 13. Qa4 Nb8 14. Bxd7 Nxd7 15.
b4 a5 16. c6 axb4 17. Qc2 bxc3 18. cxd7 Qxd7 19. g4 Qa4 20. Qd3 Qa3 21. Kf2 Qb2+
22. Kg3 Rxa2 23. Rxa2 Qxa2 24. g5 hxg5 25. h4 gxh4+ 26. Nxh4 Qd2 27. Qf1 Bxh4+
28. Rxh4 Qxe3+ 29. Kh2 c2 30. Rg4 c1=Q 31. Rxg7+ Kxg7 32. Qg2+ Kh8 33. f5 Qf4+
34. Kh3 Qce3+ 0-1

[Event "OGOLNOPOLSKA OLIMPIADA MLODZIEZY<br/>MISTRZOSTWA POLSKI JUNIOROW 2016 - C12"]
[Site "Olecko"]
[Date "2016-05-07"]
[Round "7.18"]
[White "Oleksy, Krzysztof"]
[Black "Czechowski, Jakub"]
[Result "1/2-1/2"]
[WhiteTitle "I"]
[BlackTitle "II"]
[WhiteElo "1653"]
[BlackElo "1652"]

1. c4 Nf6 2. g3 g6 3. Bg2 Bg7 4. d4 d6 5. Nf3 O-O 6. O-O Nbd7 7. Qc2 e5 8. Rd1
Qe7 9. dxe5 Nxe5 10. Nxe5 dxe5 11. e4 c6 12. h3 Be6 13. Be3 Nd7 14. Nd2 Nb6 15.
Rac1 Rad8 16. c5 Nc8 17. b4 f5 18. exf5 Bxf5 19. Ne4 Qe6 20. g4 Bxe4 21. Bxe4
Rxd1+ 22. Rxd1 h5 23. f3 hxg4 24. fxg4 Qf6 25. Qd2 Qh4 26. Kg2 Qf6 27. Bg5 Qe6
28. Qc2 Bf6 29. Be3 Ne7 30. Rd6 Qf7 31. Rd7 Rb8 32. Bd3 Kh7 33. g5 Bg7 34. h4
Qe6 35. Rd6 Qg4+ 36. Kf2 Qxh4+ 37. Ke2 Qh2+ 38. Kd1 Qxc2+ 39. Kxc2 Nf5 40. Bxf5
gxf5 41. Re6 f4 42. Bf2 1/2-1/2

[Event "OGOLNOPOLSKA OLIMPIADA MLODZIEZY<br/>MISTRZOSTWA POLSKI JUNIOROW 2016 - C12"]
[Site "Olecko"]
[Date "2016-05-07"]
[Round "7.19"]
[White "Skawinski, Szymon"]
[Black "Retz, Adrian"]
[Result "1-0"]
[WhiteTitle "II"]
[BlackTitle "II"]
[WhiteElo "1348"]
[BlackElo "1387"]

1. e4 c5 2. c3 Qa5 3. Nf3 e6 4. d3 Nc6 5. Bd2 Qb6 6. Qc2 d6 7. Be2 Nf6 8. O-O Be7
9. h3 O-O 10. Be3 Qc7 11. d4 cxd4 12. cxd4 a6 13. Nc3 Qd7 14. Rac1 b5 15. a3 Bb7
16. Bd3 Rac8 17. e5 dxe5 18. dxe5 Nd5 19. Bxh7+ Kh8 20. Nxd5 Qxd5 21. Be4 Qd7
22. Qe2 f5 23. exf6 Bxf6 24. Ne5 Qe8 25. Bg6 1-0

[Event "OGOLNOPOLSKA OLIMPIADA MLODZIEZY<br/>MISTRZOSTWA POLSKI JUNIOROW 2016 - C12"]
[Site "Olecko"]
[Date "2016-05-07"]
[Round "7.20"]
[White "Chudzik, Jakub"]
[Black "Gazik, Jakub"]
[Result "1-0"]
[WhiteTitle "II+"]
[BlackTitle "II"]
[WhiteElo "1388"]
[BlackElo "1665"]

1. e4 b6 2. d4 Bb7 3. Nc3 e6 4. Bd3 Bb4 5. Nge2 Nf6 6. Bg5 h6 7. Bd2 d5 8. e5 Nfd7
9. a3 Be7 10. Bb5 a6 11. Bxd7+ Nxd7 12. Bf4 c5 13. O-O b5 14. Qd2 Qb6 15. Rad1
a5 16. dxc5 Bxc5 17. Nd4 Ba6 18. Rfe1 Nb8 19. Bg3 Nc6 20. Nxc6 Qxc6 21. Bh4 b4
22. Ne4 bxa3 23. bxa3 Bxa3 24. Ra1 Bf8 25. Red1 f5 26. exf6 dxe4 27. Qf4 g5 28.
Bxg5 hxg5 29. Qxg5 Kf7 30. Rd2 Bh6 31. Qh5+ Kxf6 32. Rdd1 Qxc2 33. Rd7 Raf8 34.
Rxa5 Qc1+ 35. Rd1 Qc6 36. Qe5+ Kg6 37. Rc5 Qb6 38. Qxe4+ Kf7 39. Rc6 Qb3 40. Rd7+
Ke8 41. Rxe6+ Kxd7 42. Qc6+ Kd8 43. Rd6+ Ke7 44. Qd7# 1-0

[Event "OGOLNOPOLSKA OLIMPIADA MLODZIEZY<br/>MISTRZOSTWA POLSKI JUNIOROW 2016 - C12"]
[Site "Olecko"]
[Date "2016-05-07"]
[Round "7.21"]
[White "Paprocki, Stanislaw"]
[Black "Wojtasik, Szymon"]
[Result "1-0"]
[WhiteTitle "II"]
[BlackTitle "II"]
[WhiteElo "1612"]
[BlackElo "1151"]

1. e4 c5 2. Nf3 Nc6 3. d4 cxd4 4. Nxd4 g6 5. Nc3 Bg7 6. Be3 Nf6 7. Be2 O-O 8. f4
d5 9. e5 Ne8 10. O-O Nc7 11. Bf3 Nxd4 12. Bxd4 b6 13. Qd2 Bb7 14. Rad1 e6 15.
Rfe1 Rc8 16. a3 Qd7 17. Be2 Rfd8 18. Bf2 Bf8 19. Bf3 Nb5 20. Nxb5 Qxb5 21. c3
Be7 22. Kh1 Qb3 23. Rc1 Qb5 24. h3 Qb3 25. Bg4 Qc4 26. Be2 Qc6 27. Red1 Qa4 28.
Bf3 Qb3 29. Ra1 Qa4 30. b4 Ba6 31. Bd4 Bc4 32. g4 Rc7 33. Rg1 Rdc8 34. f5 Qd7
35. f6 Bf8 36. h4 Qb5 37. h5 Bd3 38. Rg3 Qc4 39. Rd1 Be4 40. Bxe4 dxe4 41. hxg6
fxg6 42. Qe3 Qd5 43. Re1 Rc6 44. Qxe4 Qb3 45. Rgg1 Qxa3 46. Ra1 Qb3 47. Rxa7 R8c7
48. Raa1 Qd5 49. Qxd5 exd5 50. Ra6 Kf7 51. Rg3 b5 52. Ra8 Rb7 53. Rh3 Kg8 54.
Bc5 Rf7 55. Re3 Re6 56. g5 h6 57. gxh6 Rc6 58. e6 Rxf6 59. e7 d4 60. cxd4 Rf1+
61. Kg2 Rcf6 62. exf8=Q+ Rxf8 63. Rxf8+ Rxf8 64. Bxf8 Kxf8 65. d5 Kg8 66. d6 Kh8
67. d7 Kg8 68. Re7 g5 69. d8=Q# 1-0

[Event "OGOLNOPOLSKA OLIMPIADA MLODZIEZY<br/>MISTRZOSTWA POLSKI JUNIOROW 2016 - C12"]
[Site "Olecko"]
[Date "2016-05-07"]
[Round "7.22"]
[White "Popadowski, Wojciech"]
[Black "Wysocki, Mateusz"]
[Result "1/2-1/2"]
[WhiteTitle "II"]
[BlackTitle "II"]
[WhiteElo "1393"]
[BlackElo "1469"]

1. e4 c5 2. Nc3 e6 3. f4 d5 4. exd5 exd5 5. Nf3 Nf6 6. Bb5+ Bd7 7. Bxd7+ Nbxd7
8. O-O Be7 9. d3 O-O 10. Re1 a6 11. a4 Bd6 12. Ne5 Qc7 13. Nxd7 Qxd7 14. Bd2 Bc7
15. Qf3 Rfe8 16. Qf2 b6 17. g3 h6 18. b3 Rad8 19. a5 Rxe1+ 20. Rxe1 Qc6 21. axb6
Bxb6 22. Na4 Ba7 23. h3 Rd7 24. Kf1 c4 25. Qe2 cxb3 26. cxb3 Rd8 27. Qe7 Rd7 28.
Qe2 Qb5 29. Rb1 Rc7 30. Nc3 Qc5 31. Kg2 Re7 32. Qf3 d4 33. Ne4 Nxe4 34. dxe4 Qc2
35. Rd1 Rxe4 36. Kf1 Re8 37. b4 Rd8 38. f5 Qc4+ 39. Kg2 Qc2 40. Kf1 Re8 41. f6
Qg6 42. fxg7 Kxg7 43. Kg2 Bb6 44. Kh2 Re6 45. Bf4 Qc2+ 1/2-1/2

[Event "OGOLNOPOLSKA OLIMPIADA MLODZIEZY<br/>MISTRZOSTWA POLSKI JUNIOROW 2016 - C12"]
[Site "Olecko"]
[Date "2016-05-07"]
[Round "7.23"]
[White "Skorupka, Arkadiusz"]
[Black "Szatkowski, Pawel"]
[Result "1/2-1/2"]
[WhiteTitle "III"]
[BlackTitle "II"]
[WhiteElo "1180"]
[BlackElo "1422"]

1. e4 e6 2. d4 d5 3. e5 c5 4. c3 Nc6 5. Nf3 Qb6 6. Bd3 cxd4 7. cxd4 Bd7 8. Qb3
Nxd4 9. Nxd4 Qxd4 10. Qxb7 Qxe5+ 11. Be3 Qb8 12. Qxb8+ Rxb8 13. Bxa7 Rxb2 14.
O-O Bb5 15. Bxb5+ Rxb5 16. Nc3 Rb7 17. Bd4 Ne7 18. Rab1 Rxb1 19. Rxb1 Nc6 20.
Nb5 Nxd4 21. Nxd4 Bd6 22. Rb6 Bc7 23. Rc6 Bd8 24. a4 O-O 25. Rc8 Bb6 26. Rxf8+
Kxf8 27. Nc6 Ke8 28. a5 Bc5 29. a6 d4 30. a7 Bxa7 31. Nxa7 d3 32. Kf1 e5 33. Ke1
e4 34. Kd2 f5 35. f3 Kd7 36. Nb5 Ke6 37. Ke3 Ke5 38. f4+ Kd5 39. Nc3+ Kc4 40.
Nd1 h6 41. h3 g5 42. g4 fxg4 43. hxg4 gxf4+ 44. Kxe4 f3 45. Kxf3 d2 46. Kf4 Kd3
47. Kf5 Ke2 48. Nb2 Kf3 49. Nd1 Ke2 50. Nc3+ Kd3 51. Ne4 d1=N 52. Nc5+ Kd4 53.
Ne6+ Kd5 54. Nf4+ Kd6 55. Ng2 Nf2 1/2-1/2

[Event "OGOLNOPOLSKA OLIMPIADA MLODZIEZY<br/>MISTRZOSTWA POLSKI JUNIOROW 2016 - C12"]
[Site "Olecko"]
[Date "2016-05-07"]
[Round "8.1"]
[White "Mechlinski, Jakub"]
[Black "Oglaza, Oskar"]
[Result "1/2-1/2"]
[WhiteTitle "II+"]
[BlackTitle "k"]
[WhiteElo "1805"]
[BlackElo "2132"]

1. e4 c5 2. Nf3 d6 3. c3 Nf6 4. Be2 Bd7 5. d3 g6 6. O-O Bg7 7. h3 Nc6 8. Be3 O-O
9. Nbd2 e5 10. d4 cxd4 11. cxd4 d5 12. dxe5 Nxe4 13. Nxe4 dxe4 14. Nd2 Bxe5 15.
Nxe4 Bf5 16. Bf3 Bxb2 17. Rb1 Bd4 18. Bxd4 Nxd4 19. Rxb7 Nxf3+ 20. Qxf3 Qd4 21.
Ng5 Qd3 22. Qxd3 Bxd3 23. Rd1 Bc4 24. Rdd7 Bxa2 25. Rxa7 Rxa7 26. Rxa7 Bd5 27.
Rd7 Ba8 28. Ra7 Bd5 29. Rd7 Ba8 30. Ra7 Bd5 31. Rd7 Ba8 32. Ra7 Bd5 1/2-1/2

[Event "OGOLNOPOLSKA OLIMPIADA MLODZIEZY<br/>MISTRZOSTWA POLSKI JUNIOROW 2016 - C12"]
[Site "Olecko"]
[Date "2016-05-07"]
[Round "8.2"]
[White "Czopor, Maciej"]
[Black "Babiarz, Arkadiusz"]
[Result "1-0"]
[WhiteTitle "I+"]
[BlackTitle "I"]
[WhiteElo "1980"]
[BlackElo "1656"]

1. e4 c5 2. Nf3 e6 3. d4 cxd4 4. Nxd4 a6 5. Bd3 Nf6 6. O-O e5 7. Bg5 h6 8. Bxf6
Qxf6 9. Nf3 Nc6 10. Nc3 Bc5 11. Nd5 Qd8 12. c3 d6 13. b4 Ba7 14. Bc4 Be6 15. Qd3
O-O 16. Rad1 Qd7 17. a4 Rfd8 18. a5 Kh8 19. Nh4 Rac8 20. Ba2 g6 21. Qf3 Kg7 22.
Qf6+ Kh7 23. Rd3 Rg8 24. Qf3 Bxd5 25. Bxd5 Rgf8 26. Rfd1 Qe7 27. Qh3 Qg5 28. Rg3
Qh5 29. Nf3 Qxh3 30. Rxh3 Kg7 31. Bb3 Rfd8 32. Nd2 Rc7 33. Rd3 Rcd7 34. Nc4 Bb8
35. Ba4 f6 36. b5 axb5 37. Bxb5 Rc7 38. Rxd6 Rxd6 39. Nxd6 Nxa5 40. Ne8+ Kf8 41.
Nxc7 Bxc7 42. Rd7 Bb6 43. Rd6 Bc5 44. Rxf6+ Kg7 45. Re6 b6 46. Rxe5 Bd6 47. Rd5
Bc5 48. Kf1 Kf6 49. f4 Nb7 50. Ke2 Ke6 51. Bc4 Ke7 52. e5 Nd8 53. Kf3 Ne6 54.
Rd2 Nc7 55. Ke4 b5 56. Bd5 b4 57. cxb4 Bxb4 58. Rb2 Nxd5 59. Kxd5 Ba5 60. Rb7+
Kf8 61. Ke6 Bd2 62. Kf6 Ke8 63. e6 Bc3+ 64. Kxg6 Bd2 65. f5 Bg5 66. f6 Kd8 67.
e7+ Kc8 68. e8=Q+ 1-0

[Event "OGOLNOPOLSKA OLIMPIADA MLODZIEZY<br/>MISTRZOSTWA POLSKI JUNIOROW 2016 - C12"]
[Site "Olecko"]
[Date "2016-05-07"]
[Round "8.3"]
[White "Czernek, Tymon"]
[Black "Grzesik, Gracjan"]
[Result "1/2-1/2"]
[WhiteTitle "I"]
[BlackTitle "I"]
[WhiteElo "1895"]
[BlackElo "1748"]

1. e4 c5 2. Nf3 d6 3. d4 cxd4 4. Nxd4 Nf6 5. Nc3 a6 6. Nb3 e5 7. Bg5 Be6 8. Qd3
Nbd7 9. Nd5 Bxd5 10. exd5 Be7 11. O-O-O O-O 12. Bxf6 Nxf6 13. Be2 Qc7 14. g4 Rfc8
15. c3 b5 16. Kb1 a5 17. g5 Nd7 18. Bg4 a4 19. Nc1 Rcb8 20. Bf5 g6 21. Bxd7 Qxd7
22. h4 b4 23. c4 Rc8 24. Ne2 Qc7 25. Rc1 Ra5 26. Rhg1 Rc5 27. Rg4 Qd7 28. f3 Qf5
29. Re4 Qd7 30. Ng3 Qc7 31. Rg4 Kg7 32. h5 Qd7 33. hxg6 fxg6 34. Ne4 Ra5 35. Qd2
a3 36. b3 Rb8 37. Rh1 Bd8 38. Rh6 Ra7 39. Rgh4 Kg8 40. Rxh7 Qxh7 41. Rxh7 Rxh7
42. Nxd6 Rh1+ 43. Kc2 Bb6 44. Qg2 Ra1 45. Qg4 Rxa2+ 46. Kb1 Rb2+ 47. Ka1 Bd4 48.
Qe6+ Kh7 49. Qd7+ Kg8 50. Qf7+ Kh8 51. Qf6+ Kh7 52. Qe7+ Kg8 53. Qe6+ 1/2-1/2

[Event "OGOLNOPOLSKA OLIMPIADA MLODZIEZY<br/>MISTRZOSTWA POLSKI JUNIOROW 2016 - C12"]
[Site "Olecko"]
[Date "2016-05-07"]
[Round "8.4"]
[White "Redzisz, Michal"]
[Black "Baum, Jonasz"]
[Result "1/2-1/2"]
[WhiteTitle "II"]
[BlackTitle "I"]
[WhiteElo "1750"]
[BlackElo "1857"]

1. e4 c5 2. Nf3 d6 3. Bb5+ Bd7 4. Bxd7+ Qxd7 5. O-O Nf6 6. Re1 e6 7. c3 Nc6 8.
d4 cxd4 9. cxd4 d5 10. e5 Ne4 11. Nbd2 Nxd2 12. Bxd2 Be7 13. Rc1 O-O 14. Bc3 Nb4
15. Bxb4 Bxb4 16. Re2 Rac8 17. Rec2 Ba5 18. Nd2 Bb6 19. Nb3 Rxc2 20. Qxc2 f6 21.
exf6 gxf6 22. Qc3 Qg7 23. Re1 e5 24. Nc5 Rc8 25. b4 Bxc5 26. bxc5 Re8 27. Qf3
Qf7 28. Qg3+ Qg6 29. Qb3 exd4 30. Qxd5+ Kh8 31. Rxe8+ Qxe8 32. g3 Qe1+ 33. Kg2
Qc3 34. Qd8+ Kg7 35. Qe7+ Kg6 36. Qe4+ Kh6 37. Qf4+ Kg6 38. Qg4+ Kh6 39. Qf4+
Kg6 40. Qg4+ Kh6 41. Qf4+ 1/2-1/2

[Event "OGOLNOPOLSKA OLIMPIADA MLODZIEZY<br/>MISTRZOSTWA POLSKI JUNIOROW 2016 - C12"]
[Site "Olecko"]
[Date "2016-05-07"]
[Round "8.5"]
[White "Dzida, Kamil"]
[Black "Koziorowicz, Michal"]
[Result "1/2-1/2"]
[WhiteTitle "I"]
[BlackTitle "I"]
[WhiteElo "1838"]
[BlackElo "1690"]

1. e4 c5 2. Nf3 Nc6 3. d4 cxd4 4. Nxd4 g6 5. c4 Nf6 6. Nc3 Nxd4 7. Qxd4 Bg7 8.
Be3 O-O 9. Qd2 Qa5 10. Be2 d6 11. O-O Re8 12. Rac1 Be6 13. f3 Rac8 14. b3 Nd7
15. Bd4 Bxd4+ 16. Qxd4 Qc5 17. Rcd1 Ne5 18. f4 Qxd4+ 19. Rxd4 Nc6 20. Rd2 Nb4
21. f5 Bd7 22. f6 Bc6 23. a3 Na6 24. fxe7 Rxe7 25. Rxd6 Nc5 26. Bg4 Rf8 27. Nd5
Bxd5 28. Rxd5 b6 29. b4 Nxe4 30. Re1 f5 31. Bf3 Rfe8 32. Bxe4 Rxe4 33. Rxe4 Rxe4
34. c5 bxc5 35. Rxc5 Re7 36. Ra5 Kg7 37. Ra6 Kh6 38. Kf2 Kg5 39. Kf3 Rc7 40. a4
Rc3+ 41. Kf2 Rc2+ 42. Kf3 Rc3+ 43. Ke4 1/2-1/2